| Tag |
First Indicator |
Second Indicator |
Subfields |
| LEADER |
00000cam a2200000 4500 |
| 001 |
in00000065431 |
| 005 |
20151008051837.0 |
| 008 |
750402s1939 pau 00000 eng u |
| 010 |
|
|
|a 39027857
|
| 035 |
|
|
|a (OCoLC)01248576
|
| 035 |
|
|
|9 AAH0317AM
|
| 040 |
|
|
|c SMI
|d TXA
|d UtOrBLW
|
| 049 |
|
|
|a TXAS [mil]
|
| 050 |
0 |
0 |
|a UA15
|b .D8 1939
|
| 082 |
0 |
|
|a 355.47
|
| 092 |
|
|
|a 355.47
|b D945w
|
| 100 |
1 |
|
|a Dupuy, R. Ernest
|q (Richard Ernest),
|d 1887-1975.
|
| 245 |
1 |
0 |
|a World in arms :
|b a study in military geography /
|c by R. Ernest Dupuy.
|
| 264 |
|
1 |
|a Harrisburg, Pa. :
|b The Military service publishing company,
|c [1939]
|
| 264 |
|
4 |
|c ©1939
|
| 300 |
|
|
|a 103 pages :
|b maps ;
|c 28 cm.
|
| 336 |
|
|
|a text
|b txt
|2 rdacontent
|
| 337 |
|
|
|a unmediated
|b n
|2 rdamedia
|
| 338 |
|
|
|a volume
|b nc
|2 rdacarrier
|
| 650 |
|
0 |
|a Military geography.
|
| 650 |
|
0 |
|a Armies.
|
| 650 |
|
0 |
|a Navies.
|
| 650 |
|
0 |
|a Aeronautics, Military.
|
| 999 |
|
|
|a MARS
|
| 999 |
f |
f |
|s 6879bf94-58ff-37fb-9200-74188178ca9b
|i 291384ca-86bb-3420-ba0c-c1ee44cc0410
|t 0
|
| 952 |
f |
f |
|p noncirc
|a Texas A&M University
|b College Station
|c Cushing Memorial Library & Archives
|d Cushing: Ragan Military (Does not check out)
|t 0
|e UA15 .D8 1939
|h Library of Congress classification
|i unmediated -- volume
|
| 998 |
f |
f |
|a UA15 .D8 1939
|t 0
|l Cushing: Ragan Military (Does not check out)
|